000 00755nam a2200265 i 4500
001 C2-0300963
003 PPAK
005 20180728082352.0
008 091130s2009 my a|||| ||||| | may d
020 _a9789673130269
040 _aPPAK
_beng
_cPPAK
_erda
082 0 4 _a899.233
_223
090 0 0 _a899.233
_bZAR
_dK
100 0 _aZarina Ismail,
_eauthor
245 1 0 _aPengalaman pahit Misbun
264 1 _aSeri Kembangan, Selangor :
_bPenerbitan Zharfan ,
_c2009
300 _a30 pages :
_bcolour illustrations ;
_c20 cm
336 _2rdacontent
_atext
337 _2rdamedia
_aunmediated
338 _2rdacarrier
_avolume
490 1 _aSiri nilai murni
650 1 0 _aChildren's stories, Malay.
830 0 _aSiri nilai murni
942 _ddc
_cB
999 _c104788
_d104788